| 000 | 00999nam a2200325 a 4500 | ||
|---|---|---|---|
| 999 |
_c4988 _d4988 |
||
| 001 | 4988 | ||
| 003 | BD-JhCC | ||
| 005 | 20171206161531.0 | ||
| 008 | 060613s2006 enk 000 1 eng | ||
| 020 |
_a9780755328819 (pbk.) : _c£6.99 |
||
| 020 |
_a0755328817 (pbk.) : _c£6.99 |
||
| 035 | _a(Uk)013537068 | ||
| 035 | _a(BD-JhCC)4988 | ||
| 038 | _aUk | ||
| 040 |
_aStDuBDS _cStDuBDS _dUk _dBD-JhCC |
||
| 041 | _aeng | ||
| 082 | 0 | 4 |
_a823.914 _222 _bDOH 2006 |
| 090 |
_aBLI _bH.2007/1091 |
||
| 100 | 1 | _aDoherty, P. C. | |
| 245 | 1 | 4 |
_aThe queen of the night / _cPaul Doherty. |
| 260 |
_aLondon : _bHeadline, _cc2006. |
||
| 300 |
_axi, 452 p. ; _c18 cm. |
||
| 500 |
_aFormerly CIP. _5Uk |
||
| 600 | 0 | 0 |
_aHelena, _cSaint, _dapproximately 255-approximately 330 |
| 650 | 0 |
_aWomen spies _zRome _vFiction. |
|
| 650 | 0 |
_aMurder _xInvestigation _zRome _vFiction. |
|
| 651 | 0 |
_aRome _xHistory _yConstantine I, the Great, 306-337 _vFiction. |
|
| 655 | 0 | _aDetective and mystery stories. | |
| 942 |
_2ddc _cBK |
||